MARC details
| 000 -CABECERA |
| campo de control de longitud fija |
03604cam a2200313 i 4500 |
| 001 - NÚMERO DE CONTROL |
| campo de control |
991027281041907026 |
| 003 - IDENTIFICADOR DEL NÚMERO DE CONTROL |
| campo de control |
UkOxU |
| 005 - FECHA Y HORA DE LA ÚLTIMA TRANSACCIÓN |
| campo de control |
20250923142304.0 |
| 008 - DATOS DE LONGITUD FIJA--INFORMACIÓN GENERAL |
| campo de control de longitud fija |
250127t20242024enka 001 0 eng d |
| 020 ## - NÚMERO INTERNACIONAL ESTÁNDAR DEL LIBRO |
| Número Internacional Estándar del Libro |
9781399415637 |
| Información calificativa |
paperback |
| 035 ## - NÚMERO DE CONTROL DEL SISTEMA |
| Número de control de sistema |
(OCoLC)1492830578 |
| 035 ## - NÚMERO DE CONTROL DEL SISTEMA |
| Número de control de sistema |
(OCoLC)on1492830578 |
| 040 ## - FUENTE DE LA CATALOGACIÓN |
| Centro catalogador/agencia de origen |
RDF |
| Lengua de catalogación |
eng |
| Normas de descripción |
rda |
| Centro/agencia transcriptor |
RDF |
| Centro/agencia modificador |
OCLCO |
| -- |
CFU |
| -- |
OCLCO |
| -- |
HCO |
| -- |
NZPOP |
| -- |
UkOxU |
| 041 ## - CÓDIGO DE LENGUA |
| Código de lengua del texto/banda sonora o título independiente |
English |
| 050 #4 - SIGNATURA TOPOGRÁFICA DE LA BIBLIOTECA DEL CONGRESO |
| Número de clasificación |
BF145 |
| Número de documento/Ítem |
.F87 2024 |
| 100 ## - ENTRADA PRINCIPAL--NOMBRE DE PERSONA |
| Nombre de persona |
Furnham, Adrian, |
| Término indicativo de función/relación |
author. |
| URI de un objeto del mundo real |
https://id.oclc.org/worldcat/entity/E39PBJy49mr9pqwQmjFX8Bbrv3 |
| 9 (RLIN) |
25788 |
| 245 14 - MENCIÓN DE TÍTULO |
| Título |
The new psychology |
| Resto del título |
: the 50 newest concepts that are shaping how we live and work |
| Mención de responsabilidad, etc. |
/ Adrian Furnham. |
| 246 30 - FORMA VARIANTE DE TÍTULO |
| Título propio/Titulo breve |
50 newest concepts that are shaping how we live and work |
| 246 30 - FORMA VARIANTE DE TÍTULO |
| Título propio/Titulo breve |
Fifty newest concepts that are shaping how we live and work |
| 264 #1 - PRODUCCIÓN, PUBLICACIÓN, DISTRIBUCIÓN, FABRICACIÓN Y COPYRIGHT |
| Producción, publicación, distribución, fabricación y copyright |
London : |
| Nombre del de productor, editor, distribuidor, fabricante |
Bloomsbury, |
| Fecha de producción, publicación, distribución, fabricación o copyright |
2024. |
| 300 ## - DESCRIPCIÓN FÍSICA |
| Extensión |
xiv, 290 pages : |
| Otras características físicas |
illustrations ; |
| Dimensiones |
24 cm |
| 504 ## - NOTA DE BIBLIOGRAFÍA, ETC. |
| Nota de bibliografía, etc. |
Includes bibliographical references and index. |
| 505 0# - NOTA DE CONTENIDO CON FORMATO |
| Nota de contenido con formato |
Alternative medicine — Artificial intelligence (AI) — Authenticity — Big data/data science — Brain imaging — Cognitive biases — Conspiracy theories — Cosmetic surgery — Curiosity — Cyberpsychology — Dark triad — Digital leadership — Disenchantment — Disgust — Ecopsychology — Ego depletion — Espionage — FOMO (Fear of Missing Out) — Game theory — Gamification — Gender and sex — Greed — Grit — Highly sensitive personality — Humour — Imposter syndrome — Justice motivation — Machine learning — Mental health literacy — Microaggressions — Mindsets — Network analysis — Neurodiversity — Nostalgia — Overconfidence — Passion — Personality change — Polycultural psychology — Positive psychology — Psychological safety — Replication crisis — Resignation: the great... — Resilience — Structural equation modelling — Terrorist thinking — Unconscious bias — Wearables — WEIRD people — Woke ideology — Zoom fatigue. |
| 520 ## - SUMARIO, ETC. |
| Sumario, etc. |
"An in-depth look at a number of the newest issues in psychology and how they can influence our lives, at home and at work - from AI and Ecopsychology, to Wearables and W.E.I.R.D people. Psychologists have always shone a torch into many dark corners of the human mind -- they study everything, from art preferences to altruism, coaching to criminality, gamification to greed, and microagressions to mindset. But in our hyper-connected, post-pandemic society, less-understood issues are now emerging, causing significant disorientation for people trying to make sense of their ever-changing world and the tumultuous events unfolding around them. The language of psychology offers clear descriptions and explanations for a range of phenomena, including Authenticity, Conspiracy Theories, and Psychological Safety through to more recently recognized conditions, such as Imposter Syndrome, Unconcious Bias, and Zoom Fatigue. Adrian Furnham offers an increased awareness and insight as to how these conditions manifest themselves, aiding people to better identify and realize their full potential. Written to accompany the highly successful Psychology 101, this book takes a closer look at 50 of the emerging concepts in modern psychology. The New Psychology explains how these issues could impact both our personal and professional lives, helping you to reassess the pressures facing you at work and pursue a more fulfilling work/life balance."--Page 4 of cover. |
| 650 #0 - PUNTO DE ACCESO ADICIONAL DE MATERIA--TÉRMINO DE MATERIA |
| Término de materia o nombre geográfico como elemento de entrada |
Psychology |
| 9 (RLIN) |
2525 |
| 650 #0 - PUNTO DE ACCESO ADICIONAL DE MATERIA--TÉRMINO DE MATERIA |
| Término de materia o nombre geográfico como elemento de entrada |
Psychology |
| Subdivisión cronológica |
21st century. |
| 650 #0 - PUNTO DE ACCESO ADICIONAL DE MATERIA--TÉRMINO DE MATERIA |
| Término de materia o nombre geográfico como elemento de entrada |
Psychology |
| Subdivisión general |
Terminology. |
| 942 ## - ELEMENTOS DE ENTRADA AGREGADA (KOHA) |
| Fuente del sistema de clasificación o colocación |
Clasificación de Library of Congress |